Central Library OPAC University of Rajshahi
Normal view MARC view

Entry Personal Name

Number of records used in: 1

001 - CONTROL NUMBER

  • control field: 17432

003 - CONTROL NUMBER IDENTIFIER

  • control field: BD-RjUL

005 - DATE AND TIME OF LATEST TRANSACTION

  • control field: 20251202112257.0

008 - FIXED-LENGTH DATA ELEMENTS

  • fixed length control field: 251202|| aca||aabn | a|a d

040 ## - CATALOGING SOURCE

  • Original cataloging agency: BD-RjUL
  • Transcribing agency: BD-RjUL

100 ## - HEADING--PERSONAL NAME

  • Personal name: خاں ، عبد المجيد ;; Khan, Abdul Majeed

670 ## - SOURCE DATA FOUND

  • Source citation: Work cat.: (BD-RjUL)86015: دهلوی، شاه عبدالعزیز ;; Dehlvi, Shah Abdul Aziz 17429, هديه مجيديه (ترجمه) تحفهء اثناعشريه ;;; Hidayah Majidiyah (Translation) Tahfa Athna Ashariyah /, 1935